| 000 | 00918nam a2200373Ia 4500 | ||
|---|---|---|---|
| 001 | 6832 | ||
| 005 | 20240113233942.0 | ||
| 007 | ta | ||
| 008 | 050701s1958 a g b000 u 903 u | ||
| 040 | _aCotton College,Assam | ||
| 041 | _a903 | ||
| 082 |
_a331.954 _bSa 97 La |
||
| 100 | _aSaxena, R.C. . | ||
| 245 | 0 |
_aLabour Problems and Social Welfare / _cR.C. Saxena. _hTextual Documents |
|
| 250 | _a6th / | ||
| 260 |
_aMeerut : _bJay Prakash Nath & Co. , _c1958. |
||
| 300 |
_axiv, 762p. : _bill. ; _c26 cm. . |
||
| 653 | _aEconomics | ||
| 653 | _aSocial Welfare | ||
| 653 | _aLabour | ||
| 653 | _aWorking Class | ||
| 653 | _aPG-Economics | ||
| 653 | _aT/G-economics | ||
| 942 |
_2ddc _cBK |
||
| 999 |
_c6819 _d6819 |
||